000
00247nam a2200109Ia 4500
008
230907s9999||||xx |||||||||||||| ||und||
082
_a
303.34
_b
NOR
245
0
_a
Leadership :
260
_a
SAGE,
_b
London :
_c
2019
300
_a
493 p.
942
_c
BK
999
_c
600446
_d
600446